Zmeny v ohrození chudobou v Poľsku v krízovom období po roku 2019

Krízy (zdravotná, energetická, inflácia), ktorým Európa čelí na začiatku 20. rokov 20. storočia výrazne ovplyvňujú riziko chudoby a sociálneho vylúčenia jej obyvateľov. Článok sa zameriava na jeden rozmer tohto mnohorozmerného fenoménu a to príjmovú chudobu. V EÚ sa monitoruje v rámci rôznych straté...

Full description

Saved in:
Bibliographic Details
Main Author: Šoltés, Erik, 1974-
Other Authors: Košíková, Martina, 1997-
Format: Book Chapter
Language:Slovak
Subjects:
Tags: Add Tag
No Tags, Be the first to tag this record!

MARC

LEADER 00000naa$a2200000$$$4500
001 0305849
005 20250109091203.6
041 0 |a slo 
044 |a SK 
245 1 0 |a Zmeny v ohrození chudobou v Poľsku v krízovom období po roku 2019  |c Erik Šoltés, Martina Košíková 
520 |a Krízy (zdravotná, energetická, inflácia), ktorým Európa čelí na začiatku 20. rokov 20. storočia výrazne ovplyvňujú riziko chudoby a sociálneho vylúčenia jej obyvateľov. Článok sa zameriava na jeden rozmer tohto mnohorozmerného fenoménu a to príjmovú chudobu. V EÚ sa monitoruje v rámci rôznych stratégií trvalo udržateľného rozvoja prostredníctvom rizika miera chudoby (AROP). Výskum sa zameriava na zmeny v AROP v Poľsku v roku 2022 v porovnaní s rokom 2019. 
610 2 0 |a chudoba 
610 2 0 |a riziko 
610 2 0 |a vylúčenie sociálne 
610 2 0 |a príjmy 
610 2 0 |a analýzy 
610 2 0 |a modely 
610 2 0 |a Poľsko 
100 1 |a Šoltés, Erik, 1974- 
700 1 |a Košíková, Martina, 1997-